Visszhang
Elmentve itt :
| Dokumentumtípus: | Cikk |
|---|---|
| Megjelent: |
1942
|
| Sorozat: | Széphalom
12 |
| Kulcsszavak: | Társadalomtudomány |
| Online Access: | http://acta.bibl.u-szeged.hu/20830 |
| LEADER | 00469nab a2200157 i 4500 | ||
|---|---|---|---|
| 001 | acta20830 | ||
| 005 | 20210722141836.0 | ||
| 008 | 161015s1942 hu o 0|| hun d | ||
| 040 | |a SZTE Egyetemi Kiadványok Repozitórium |b hun | ||
| 041 | |a hun | ||
| 245 | 0 | 0 | |a Visszhang |h [elektronikus dokumentum] |
| 260 | |c 1942 | ||
| 300 | |a 73 | ||
| 490 | 0 | |a Széphalom |v 12 | |
| 695 | |a Társadalomtudomány | ||
| 856 | 4 | 0 | |u http://acta.bibl.u-szeged.hu/20830/1/szephalom_012_073.pdf |z Dokumentum-elérés |